000 00384nam a2200145Ia 4500
008 150201s2001 xx 000 0 und d
082 _a612.015
_bB2001V
100 _aVASUDEVAN,D.M.
245 _aTEXT BOOK OF BIOCHEMISTRY FOR MEDICAL STUDENTS
250 _a3RD
260 _bJAYPEE MEDICAL PUBLISHER
_aDELHI
_c2001
300 _a1-481
650 _aBIOCHEMISTRY
942 _2ddc
_cBK
_02
999 _c2607
_d2607